01049 a2200193 4500001000500000005001700005008004100022003001500063040004000078080007000118245015400188020002200342264004300364300001900407505020800426100002600634700002300660856017200683189720260407155419.0260407a2010 arg spa dAR-UNSa-BCEJYS aAR-UNSa-BCEJYSbspacAR-UNSa-BCEJYS a658.56xControl de la calidad. Control de herramientas y material10aAuditoría de la calidad de gestión de las organizaciónpmétodo y aplicación práctica para medir la calidad del perfil global de gestión a978-987-1577-26-2 1aBuenos Aires :bOsmar D. Buyattic2010 a130 p.c22 cm. a1. Introducción - 2. Fundamentos teóricos del modelo aplicado - 3. Metodología de desarrollo del caso - 4. Análisis e interpretación de los resultados - 5. Conclusiones del desarrollo del caso 1 aDe Zuani, Elio Rafael1 aLazarovich, Sergio41uhttps://biblioeco.unsa.edu.ar/pmb/images/libros/Auditor?a de la calidad de gesti?n de las organizaci?n De Zuani, Elio Rafael (2010).jpgyImagen de portadaqimage/jpeg